000 00635naa a2200217 i 4500
001 85333
003 ES-MaBCM
005 20241016125133.0
008 020711s2002 fra 000 0 fre d
021 _axx
035 _a(OCoLC)1365137417
040 _cES-MaBCM
041 0 _afre
043 _afra
100 1 _aBlancher, Philippe
_95301
245 1 0 _aPour un développement plus humain
_cPhilippe Blancher
650 2 7 _aDesarrollo económico
_958375
650 2 7 _aProtección del medio ambiente
_959954
773 0 _aEn:
_tProblèmes économiques
_dParis : 2002
_w104496
_gnº 2.764, juin, p. 1-3. - Loc. S.428
942 _cAREV
999 _c85333
_d85333